书目信息 |
| 题名: |
典故纪闻
|
|
| 作者: | 余继登 著 | |
| 分册: | ||
| 出版信息: | 北京 中华书局 1981 |
|
| 页数: | 341页 | |
| 开本: | 19cm | |
| 丛书名: | 元明史料笔记丛刊 | |
| 单 册: | ||
| 中图分类: | K248.066 , K247 | |
| 科图分类: | ||
| 主题词: | 史料--中国--明代 | |
| 电子资源: | ||
| ISBN: | ||
| 000 | 00639oam2 2200253 450 | |
| 001 | 1574790160 | |
| 005 | 20170927163213.48 | |
| 010 | @dCNY1.05 | |
| 091 | @a11018.950 | |
| 100 | @a19950620d1981 em y0chiy0110 ea | |
| 101 | 0 | @achi |
| 102 | @aCN@b110000 | |
| 105 | @ay z 000yy | |
| 200 | 1 | @a典故纪闻@Adian gu ji wen@f余继登著 |
| 210 | @a北京@c中华书局@d1981 | |
| 215 | @a341页@d19cm | |
| 225 | 2 | @a元明史料笔记丛刊 |
| 461 | 0 | @12001 @a元明史料笔记丛刊 |
| 606 | 0 | @a史料@y中国@z明代 |
| 690 | @aK248.066@v3 | |
| 690 | @aK247@v4 | |
| 701 | 0 | @a余继登@Ayu ji deng@4著 |
| 801 | 0 | @aCN@bNLC@c20101222 |
| 905 | @aZUCC@dK247@eJY81 | |
| 典故纪闻/余继登著.-北京:中华书局,1981 |
| 341页;19cm.-(元明史料笔记丛刊) |
| ISBN :CNY1.05 |
| ● |
| 相关链接 |
|
|
|
|
正题名:典故纪闻
索取号:K247/JY81
 
预约/预借
| 序号 | 登录号 | 条形码 | 馆藏地/架位号 | 状态 | 备注 |
| 1 | 7838726 | 278387265 | 学院路分馆/ [索取号:K247/JY81] | 在馆 | |
| 2 | 7844331 | 278443310 | 学院路分馆/ [索取号:K247/JY81] | 在馆 |